000 00442nam a2200169Ia 4500
003 GCL
008 140319s9999 xx 000 0 ara d
040 _aGCL /
_cGCL
082 0 4 _aد
_b050
100 1 _aاحمد امين
245 1 0 _aالمهدى و المهدية (اقرا 103 ) /
_cاحمد امين
300 _a123
490 _aاقرأ
_v0
650 0 4 _aالمهدى المنتظر
650 0 4 _aالمهدية
942 _2ddc
_cBK
999 _c49055
_d49055